000 00506nam a2200157Ia 4500
008 100122s9999 xx 000 0 und d
082 _b11870
_a923.154
100 _aपगडी सेतुमाधवराव
245 _aमराठे व औरंगजेब
250 _a0
260 _bज्ञानराज प्रकाशन
_c1963
300 _a153
630 _aमराठे व औरंगजेब
730 _aमराठे व औरंगजेब
942 _cBOOK
999 _c403123
_d403120